History Quiz

Random History or War Quiz

20th Century Genocides Quiz Stats

 Plays Quiz not verified by Sporcle

Challenge
Share
Tweet
Embed
Score 0/10 Timer 10:00
0 Plays Today
Hints for Genocide % Correct
Centered in Central/ Eastern Europe, targeted mainly slavs, poles, jews and gypsies, implemented by a fascist regime using concentration camps and forced laborNazi Holocaust
92.9%
Perpetrated in Southeast Asia, targeted intellecutals, teachers, and people of higher class, occured during and after the American involvment in the Vietnam War, Dicotral RegimeCambodian Genocide
71.9%
In South Central Africa, a majority ethnic group called the Hutus commit genocide against the minority Tutsi ethnicity, the genocide leaves to almost 1,000,000 Tutsis killedRwandan Genocide
68.1%
Between 1932 and 1939, included the purging of military officials as well as famine in states controlled by this communist country, over 20,000,000 people killed, Eastern EuropeRussian Purging of Military and Ukrainian Famine
62.1%
Occured in Europe/ The Middle East during and after WWI, involved the persecution of Greeks, Assyirans and Armenians, resulted in the deaths of over 1,500,000 people.Armenian Genocide
53.7%
East Asian purging of opposing political parties and members by a communist regime, over 70,000,000 people killed, the most casualties of any genocide in the 20th Century, Chinese Culutral Revolution under Mao
51.5%
Over half a million of a specific ethnic group in the Middle East were killed during a war between two neighboring countries between 1980 and 1990 as well as subsequent dates afterKurdish Genocide
45.5%
During WWII, over 5,000,000 people killed by an occupying force in east asia, most casualties were civillians, the perpetrating country was an Axis Power.Japanese Occupation of China
24%
Longest Running Genocide of the 20th Century (1948-1994), in east asia, included the use of concentration camps as well as the purging of political and military opposition, North Korean Genocide
21.5%
Perpetrated by a superpower at war with a theologisticly based fascist regime in the Middle East, resulted in almost a million dead, occured between 1978 and 1982, Russo- Afghan War
5.2%

You're not logged in!

Compare scores with friends on all Sporcle quizzes.
OR
Log In

You Might Also Like...

Show Comments

Extras

Top Quizzes Today


Score Distribution

Your Account Isn't Verified!

In order to create a playlist on Sporcle, you need to verify the email address you used during registration. Go to your Sporcle Settings to finish the process.

Report this User

Report this user for behavior that violates our Community Guidelines.

Details: